Europe! (Letter M) - Statistics

General Stats
  • This quiz has been taken 55 times
  • The average score is 15 of 20
Answer Stats
Hint Answer % Correct
Capital of Spain Madrid
100%
Northern Italian city know for fashion Milan
100%
Country with two words in it's name. North_________ Macedonia
96%
Famous composer born in Austria Mozart
96%
Country that is also an island in southern Europe Malta
94%
Small country wedged between Romania and Ukraine Moldova
94%
The second smallest country in the world Monaco
94%
City where the popular Oktoberfest is held every year Munich
92%
Capital of Belarus Minsk
90%
Country that was once part of Yugoslavia Montenegro
88%
Body of water located beneath Italy and Greece Mediterranean Sea
81%
City in the northern part of the United Kingdom Manchester
79%
Swedish city right across the bridge from Copenhagen, Denmark Malmo
75%
Island which is a popular vacation spot; owned by Spain Majorca
69%
4 islands that are an autonomous region of Portugal Madeira
54%
Popular beach city in Southern Spain Malaga
52%
Greek island known for white villas and clear water Mykonos
42%
Ukrainian port city Mariupol
31%
City in northern Sicily; a Shakespeare play was set here Messina
29%
City in southern France Montpellier
25%
No matching quizzes found
Score Distribution
Percent of People with Each Score
Percentile by Number Answered
Your Score History
You have not taken this quiz